[Event "Santiago Endesa Interempresas tt-A"]
[Site "Santiago de Chile"]
[Date "2009.09.15"]
[Round "9"]
[White "Pinto Pinares, Marcelo"]
[Black "Leon Nanjari, Rodrigo"]
[Result "1-0"]
[WhiteElo "2214"]
[BlackElo "2180"]
[PlyCount "35"]
[EventDate "2009.07.21"]
[EventType "team"]
[EventRounds "13"]
[EventCountry "CHI"]
[SourceTitle "EXT 2012"]
[Source "ChessBase"]
[SourceDate "2011.11.24"]
[SourceVersion "1"]
[SourceVersionDate "2011.11.24"]
[SourceQuality "1"]

1. e4 c5 2. Nf3 d6 3. d4 cxd4 4. Nxd4 Nf6 5. Nc3 a6 6. Bc4 e6 7. 0-0 b5 8. Bb3 Qb6 9. Bg5 Be7 10. Qf3 Nbd7 11. Rad1 Nc5 12. Rfe1 0-0 13. Qg3 Kh8 14. Qh4 Bd7 15. Re3 Bc6 16. Nxc6 Qxc6 17. Rh3 Ncd7 18. e5 1-0

[Event "CHI-chT"]
[Site "Santiago de Chile"]
[Date "2008.12.02"]
[Round "8"]
[White "Leon Nanjari, Rodrigo"]
[Black "Hernandez Riera, Jose de Jesus"]
[Result "1/2-1/2"]
[WhiteElo "2200"]
[BlackElo "2261"]
[PlyCount "40"]
[EventDate "2008.11.04"]
[EventType "team-tourn"]
[EventRounds "9"]
[EventCountry "CHI"]
[SourceTitle "EXT 2012"]
[Source "ChessBase"]
[SourceDate "2011.11.24"]
[SourceVersion "1"]
[SourceVersionDate "2011.11.24"]
[SourceQuality "1"]

1. e4 c6 2. d4 d5 3. Nc3 dxe4 4. Nxe4 Bf5 5. Ng3 Bg6 6. h4 h6 7. N1e2 Nf6 8. Nf4 Bh7 9. Bc4 e6 10. 0-0 Be7 11. Re1 0-0 12. c3 Nd5 13. Bxd5 exd5 14. Qg4 Kh8 15. h5 Bf6 16. Bd2 Qd7 17. Qf3 Na6 18. Re2 Rfe8 19. Rae1 Nc7 20. Nd3 Bxd3 1/2-1/2

[Event "CHI-chT"]
[Site "Santiago de Chile"]
[Date "2008.11.18"]
[Round "4"]
[White "Leon Nanjari, Rodrigo"]
[Black "Stawizsinski, Rodrigo"]
[Result "1/2-1/2"]
[WhiteElo "2200"]
[BlackElo "2170"]
[PlyCount "144"]
[EventDate "2008.11.04"]
[EventType "team-tourn"]
[EventRounds "9"]
[EventCountry "CHI"]
[SourceTitle "EXT 2012"]
[Source "ChessBase"]
[SourceDate "2011.11.24"]
[SourceVersion "1"]
[SourceVersionDate "2011.11.24"]
[SourceQuality "1"]

1. e4 e5 2. Nf3 Nf6 3. Nxe5 d6 4. Nf3 Nxe4 5. d4 d5 6. Bd3 Bd6 7. 0-0 0-0 8. c4 c6 9. cxd5 cxd5 10. Nc3 Nf6 11. Bg5 Be7 12. Ne5 Nc6 13. Nxc6 bxc6 14. Rc1 Bg4 15. f3 Bd7 16. Na4 Nh5 17. Bxe7 Qxe7 18. Nc5 Bc8 19. Re1 Qg5 20. Re5 Qh4 21. Bf1 g6 22. g3 Qf6 23. Qd2 Ng7 24. Bd3 Qd6 25. Rce1 Ne6 26. Nxe6 fxe6 27. Kg2 Rb8 28. a3 c5 29. h4 c4 30. Bb1 Qd8 31. f4 Rb3 32. h5 Rf6 33. hxg6 hxg6 34. R1e3 Rb7 35. Re2 Qf8 36. Rg5 Qh6 37. Qa5 Rh7 38. Qd8+ Rf8 39. Rxg6+ Qxg6 40. Qxf8+ Kxf8 41. Bxg6 Rb7 42. g4 Rb3 43. f5 Kg7 44. Rc2 exf5 45. gxf5 Kf6 46. Bh7 Kg7 47. Bg6 Kf6 48. Bh7 Rd3 49. Re2 Rxd4 50. Re8 Bd7 51. Rd8 Ke7 52. Rg8 Rd2+ 53. Kg3 Rxb2 54. Rg7+ Kd6 55. f6 Be6 56. Rxa7 c3 57. f7 Rb8 58. Kf4 d4 59. Bd3 Bd5 60. Kf5 Kc5 61. Kf6 Bxf7 62. Kxf7 Rb2 63. Ke6 Rd2 64. Bf5 d3 65. Rc7+ Kd4 66. a4 Ra2 67. Rd7+ Kc4 68. Bxd3+ Kb3 69. Rb7+ Kxa4 70. Ra7+ Kb3 71. Bc4+ Kxc4 72. Rxa2 Kb3 1/2-1/2

[Event "Santiago Endesa 05"]
[Site "Santiago de Chile"]
[Date "2008.06.11"]
[Round "7"]
[White "Bombardiere Rosas, Eduardo"]
[Black "Leon Nanjari, Rodrigo"]
[Result "0-1"]
[WhiteElo "2280"]
[BlackElo "2199"]
[PlyCount "97"]
[EventDate "2008.05.19"]
[EventType "tourn"]
[EventRounds "9"]
[EventCountry "CHI"]
[SourceTitle "EXT 2012"]
[Source "ChessBase"]
[SourceDate "2011.11.24"]
[SourceVersion "1"]
[SourceVersionDate "2011.11.24"]
[SourceQuality "1"]

1. d4 d5 2. Nf3 Nf6 3. c4 c6 4. e3 e6 5. Nbd2 Nbd7 6. Bd3 Bd6 7. 0-0 0-0 8. Qc2 Re8 9. Rd1 Qe7 10. e4 dxe4 11. Nxe4 Nxe4 12. Bxe4 h6 13. Re1 Nf6 14. Bd3 c5 15. d5 Qf8 16. dxe6 Rxe6 17. Bd2 Bd7 18. Bf5 Rxe1+ 19. Rxe1 Re8 20. Bxd7 Nxd7 21. Qf5 Rxe1+ 22. Bxe1 Qe7 23. Bc3 Nf8 24. Kf1 Ne6 25. g3 Qd7 26. b3 b5 27. Qd5 Nc7 28. Qd3 bxc4 29. Qxc4 Qf5 30. Kg2 Ne6 31. Bd2 Be7 32. Be3 Bf6 33. h3 Qb1 34. a4 Be7 35. Ne5 Qf5 36. Nc6 Bf6 37. Nxa7 Nd4 38. Bxd4 Bxd4 39. Qe2 c4 40. Nb5 c3 41. Nxd4 Qd5+ 42. Nf3 Qxb3 43. Qd3 Qb2 44. Qd8+ Kh7 45. Qd4 Qb3 46. Qd3+ g6 47. a5 Qb2 48. Qd4 Qa3 49. Qf4 0-1

[Event "Santiago Endesa 05"]
[Site "Santiago de Chile"]
[Date "2008.06.09"]
[Round "6"]
[White "Leon Nanjari, Rodrigo"]
[Black "Marin Munoz, Roque"]
[Result "0-1"]
[WhiteElo "2199"]
[BlackElo "2098"]
[PlyCount "78"]
[EventDate "2008.05.19"]
[EventType "tourn"]
[EventRounds "9"]
[EventCountry "CHI"]
[SourceTitle "EXT 2012"]
[Source "ChessBase"]
[SourceDate "2011.11.24"]
[SourceVersion "1"]
[SourceVersionDate "2011.11.24"]
[SourceQuality "1"]

1. e4 g6 2. d4 Bg7 3. Nc3 d5 4. exd5 Nf6 5. Bc4 Nbd7 6. Bg5 Nb6 7. Bb3 Nbxd5 8. Nge2 0-0 9. Qd2 c6 10. 0-0-0 b5 11. f3 a5 12. a4 Be6 13. Bxf6 exf6 14. Ne4 Nb4 15. Bxe6 fxe6 16. Nc5 Re8 17. Nc3 bxa4 18. N5xa4 Qd6 19. g3 Rab8 20. f4 Qf8 21. Nc5 Rbd8 22. Qe2 Qe7 23. Qc4 Nd5 24. Rhe1 Qf7 25. N3e4 Bf8 26. Qa4 Rb8 27. c3 Rb5 28. Re2 Reb8 29. Rdd2 e5 30. fxe5 Bh6 31. e6 Qe7 32. Qa3 Ne3 33. Qa2 Nf1 34. Nd7 Rxb2 35. Qxb2 Rxb2 36. Kxb2 Nxd2 37. Nxd2 Bxd2 38. Nxf6+ Kg7 39. d5 Qxf6 0-1

[Event "Santiago Endesa 02"]
[Site "Santiago de Chile"]
[Date "2008.05.05"]
[Round "9"]
[White "Bombardiere Rosas, Eduardo"]
[Black "Leon Nanjari, Rodrigo"]
[Result "1/2-1/2"]
[WhiteElo "2280"]
[BlackElo "2199"]
[PlyCount "109"]
[EventDate "2008.04.07"]
[EventType "tourn"]
[EventRounds "9"]
[EventCountry "CHI"]
[SourceTitle "EXT 2012"]
[Source "ChessBase"]
[SourceDate "2011.11.24"]
[SourceVersion "1"]
[SourceVersionDate "2011.11.24"]
[SourceQuality "1"]

1. d4 Nf6 2. Nf3 g6 3. g3 Bg7 4. c4 0-0 5. Nbd2 d6 6. Bg2 Nbd7 7. 0-0 e5 8. Qc2 Qe7 9. e3 Nh5 10. b3 f5 11. Bb2 c5 12. dxe5 dxe5 13. Ne1 Rb8 14. Nb1 b6 15. Nc3 Nhf6 16. Nd5 Nxd5 17. Bxd5+ Kh8 18. f4 e4 19. Rd1 Bb7 20. Rf2 Nf6 21. Bxb7 Rxb7 22. Bxf6 Qxf6 23. Rfd2 Rbf7 24. Rd6 Qc3 25. Qxc3 Bxc3 26. Nc2 Rf6 27. Kf2 Rxd6 28. Rxd6 Rf6 29. Rd7 Kg8 30. Na3 a6 31. Nb1 Ba5 32. Ra7 Rd6 33. Ke2 h6 34. h4 g5 35. h5 gxf4 36. gxf4 Kh8 37. Rf7 Rd8 38. Rxf5 Rg8 39. Kf2 Rg4 40. Rf6 Kg7 41. Rd6 Rh4 42. Rd7+ Kg8 43. Kg2 Rg4+ 44. Kh3 Rg1 45. Nd2 Re1 46. Kg4 Rxe3 47. Kf5 Bxd2 48. Rxd2 Re1 49. Rd6 e3 50. Re6 e2 51. Kf6 Kh7 52. f5 b5 53. Re7+ Kg8 54. Re8+ Kh7 55. Re7+ 1/2-1/2

[Event "Santiago Endesa 02"]
[Site "Santiago de Chile"]
[Date "2008.04.23"]
[Round "6"]
[White "Leon Nanjari, Rodrigo"]
[Black "Diaz Villagran, Robert"]
[Result "1-0"]
[WhiteElo "2199"]
[BlackElo "2319"]
[PlyCount "129"]
[EventDate "2008.04.07"]
[EventType "tourn"]
[EventRounds "9"]
[EventCountry "CHI"]
[SourceTitle "EXT 2012"]
[Source "ChessBase"]
[SourceDate "2011.11.24"]
[SourceVersion "1"]
[SourceVersionDate "2011.11.24"]
[SourceQuality "1"]

1. e4 e5 2. Nf3 Nc6 3. Bb5 a6 4. Ba4 Nf6 5. 0-0 Be7 6. Re1 b5 7. Bb3 d6 8. c3 0-0 9. h3 Na5 10. Bc2 c5 11. d3 Re8 12. Nbd2 Nc6 13. Nf1 Bf8 14. Ng3 h6 15. d4 cxd4 16. cxd4 Bb7 17. d5 Nb4 18. Bb1 a5 19. Qe2 Na6 20. Qxb5 Nc5 21. Qe2 Ba6 22. Qd1 a4 23. Nh2 g6 24. Qf3 h5 25. Ngf1 Rb8 26. g4 hxg4 27. Nxg4 Nxg4 28. hxg4 Be7 29. Ne3 Bg5 30. Kg2 Kg7 31. Rh1 Rh8 32. Rxh8 Qxh8 33. Nf5+ gxf5 34. Bxg5 f4 35. Bc2 Qh7 36. Rh1 Qg6 37. Bh6+ Kg8 38. Qh3 Qh7 39. Qc3 Qg6 40. f3 Qf6 41. Rh5 Qd8 42. Bxf4 f6 43. Bc1 Qe8 44. Qe3 Qg6 45. Qh6 Qxh6 46. Rxh6 Bd3 47. Bd1 Bb1 48. Be2 Kg7 49. g5 fxg5 50. Rxd6 Bxa2 51. Kf1 g4 52. Rc6 gxf3 53. Rxc5 fxe2+ 54. Kxe2 Bb1 55. Rc4 Ra8 56. Bd2 Kf6 57. Rc6+ Ke7 58. Re6+ Kd7 59. Rxe5 Re8 60. Rxe8 Kxe8 61. Ke3 Bc2 62. e5 Bf5 63. Kd4 Kd7 64. Bb4 Bg4 65. Kc5 1-0

[Event "CHI-ch 0708"]
[Site "Santiago de Chile"]
[Date "2008.02.21"]
[Round "8"]
[White "Leon Nanjari, Rodrigo"]
[Black "Arancibia Guzman, Eduardo"]
[Result "0-1"]
[WhiteElo "2199"]
[BlackElo "2389"]
[PlyCount "46"]
[EventDate "2008.02.16"]
[EventType "tourn"]
[EventRounds "11"]
[EventCountry "CHI"]
[SourceTitle "EXT 2012"]
[Source "ChessBase"]
[SourceDate "2011.11.24"]
[SourceVersion "1"]
[SourceVersionDate "2011.11.24"]
[SourceQuality "1"]

1. e4 c5 2. Nf3 d6 3. d4 cxd4 4. Nxd4 Nf6 5. Nc3 a6 6. Bd3 g6 7. 0-0 Bg7 8. Kh1 0-0 9. f4 Nc6 10. Nxc6 bxc6 11. f5 Nd7 12. Bg5 Rb8 13. Rb1 Ne5 14. Qd2 Re8 15. Bh6 Qa5 16. h3 Bd7 17. Rf2 Nxd3 18. Qxd3 Bxc3 19. fxg6 hxg6 20. Rbf1 Bf6 21. Rxf6 exf6 22. Qxd6 Qh5 23. Qxf6 Qxh6 0-1

[Event "CHI-ch 0708"]
[Site "Santiago de Chile"]
[Date "2008.02.19"]
[Round "5"]
[White "Leon Nanjari, Rodrigo"]
[Black "Garcia Cardenas, Pablo"]
[Result "0-1"]
[WhiteElo "2199"]
[BlackElo "2181"]
[PlyCount "100"]
[EventDate "2008.02.16"]
[EventType "tourn"]
[EventRounds "11"]
[EventCountry "CHI"]
[SourceTitle "EXT 2012"]
[Source "ChessBase"]
[SourceDate "2011.11.24"]
[SourceVersion "1"]
[SourceVersionDate "2011.11.24"]
[SourceQuality "1"]

1. e4 e5 2. Nf3 Nc6 3. Bb5 a6 4. Ba4 Nf6 5. 0-0 Be7 6. Re1 b5 7. Bb3 d6 8. c3 0-0 9. h3 Na5 10. Bc2 c5 11. d4 Qc7 12. Nbd2 cxd4 13. cxd4 Nc6 14. Nb3 a5 15. Be3 a4 16. Nbd2 Nb4 17. Bb1 Bd7 18. a3 Nc6 19. Bd3 Qb7 20. Qe2 Rab8 21. Reb1 Rfe8 22. b3 Qa8 23. d5 Na7 24. g4 g6 25. b4 Nc8 26. Nf1 Bf8 27. Ng3 Rd8 28. Nh4 Bg7 29. Kh2 Ne7 30. Qf3 Kh8 31. Rg1 Rf8 32. Nh5 Nfxd5 33. Nxg7 Nxe3 34. Nh5 f5 35. Qxe3 f4 36. Nxf4 Rxf4 37. Ng2 Rf7 38. Raf1 Qc6 39. f4 Qc3 40. fxe5 Qxe5+ 41. Kh1 Rbf8 42. Be2 Bc6 43. Bf3 Qg3 44. Be2 Qxe3 45. Nxe3 Bxe4+ 46. Kh2 Rf2+ 47. Kg3 Rxe2 48. Rxf8+ Kg7 49. Rgf1 Rxe3+ 50. Kh4 g5+ 0-1

[Event "CHI-ch Metropolitan sf 0708"]
[Site "Santiago de Chile"]
[Date "2008.02.11"]
[Round "7"]
[White "Calvo Salas, Pablo"]
[Black "Leon Nanjari, Rodrigo"]
[Result "0-1"]
[WhiteElo "2288"]
[BlackElo "2199"]
[PlyCount "64"]
[EventDate "2008.02.06"]
[EventType "swiss"]
[EventRounds "9"]
[EventCountry "CHI"]
[SourceTitle "EXT 2012"]
[Source "ChessBase"]
[SourceDate "2011.11.24"]
[SourceVersion "1"]
[SourceVersionDate "2011.11.24"]
[SourceQuality "1"]

1. e4 c5 2. Nf3 d6 3. d4 cxd4 4. Nxd4 Nf6 5. Nc3 a6 6. Bg5 e6 7. f4 Qb6 8. Qd2 Qxb2 9. Nb3 Qa3 10. Bxf6 gxf6 11. Be2 h5 12. 0-0 Nc6 13. Rf3 Bd7 14. Raf1 Rc8 15. Kh1 h4 16. Rh3 Qb4 17. Qe1 Be7 18. a3 Qxa3 19. Rxh4 Rf8 20. Qg3 Nd4 21. Bd1 Qb2 22. Nxd4 Qxc3 23. Nf3 f5 24. exf5 Bxh4 25. Qxh4 Rh8 26. Qg5 Rc5 27. Re1 Rxf5 28. Qg3 a5 29. Be2 Bb5 30. Bxb5+ Rxb5 31. f5 Rxf5 32. Qxd6 Qxe1+ 0-1

[Event "CHI-ch Metropolitan sf 0708"]
[Site "Santiago de Chile"]
[Date "2008.02.10"]
[Round "6"]
[White "Leon Nanjari, Rodrigo"]
[Black "Romero Pino, Claudio"]
[Result "1/2-1/2"]
[WhiteElo "2199"]
[BlackElo "2301"]
[PlyCount "108"]
[EventDate "2008.02.06"]
[EventType "swiss"]
[EventRounds "9"]
[EventCountry "CHI"]
[SourceTitle "EXT 2012"]
[Source "ChessBase"]
[SourceDate "2011.11.24"]
[SourceVersion "1"]
[SourceVersionDate "2011.11.24"]
[SourceQuality "1"]

1. e4 c5 2. Nf3 d6 3. d4 cxd4 4. Nxd4 Nf6 5. Nc3 a6 6. Be2 e5 7. Nb3 Be7 8. 0-0 0-0 9. a4 Nc6 10. Kh1 Nb4 11. f4 Qc7 12. a5 Be6 13. Be3 exf4 14. Bxf4 Rac8 15. Ra4 Nc6 16. Nd5 Bxd5 17. exd5 Ne5 18. c4 Nfd7 19. Nd4 Rfe8 20. Nf5 Bf8 21. Ra3 Qd8 22. Rg3 Kh8 23. b4 g6 24. Nh6 Qe7 25. Re3 f6 26. h4 Bxh6 27. Bxh6 Qd8 28. Rc3 b6 29. axb6 Qxb6 30. Qc1 Qxb4 31. Be3 Kg7 32. h5 Nc5 33. Bh6+ Kg8 34. hxg6 hxg6 35. Re3 Ncd7 36. Rg3 Kf7 37. Bg4 Rxc4 38. Be6+ Ke7 39. Qe3 Re4 40. Qc1 Rh4+ 41. Bh3 Qe4 42. Bg5 Rh5 43. Rxf6 Nxf6 44. Qc7+ Kf8 45. Bxf6 Nf7 46. Rf3 Rf5 47. Bxf5 gxf5 48. Rh3 Qg4 49. Rh7 Qg6 50. Rxf7+ Qxf7 51. Qxd6+ Kg8 52. Qg3+ Kh7 53. Qh4+ Kg6 54. Qg5+ Kh7 1/2-1/2

[Event "Santiago op"]
[Site "Santiago de Chile"]
[Date "1997.??.??"]
[Round "8"]
[White "Abarca, Ivan"]
[Black "Leon Nanjari, Rodrigo"]
[Result "0-1"]
[WhiteElo "2265"]
[BlackElo "2115"]
[PlyCount "72"]
[EventDate "1997.??.??"]
[EventType "swiss"]
[EventRounds "9"]
[EventCountry "CHI"]
[SourceTitle "EXT 1998"]
[Source "ChessBase"]
[SourceDate "1997.11.17"]
[SourceVersion "1"]
[SourceVersionDate "1997.11.17"]
[SourceQuality "1"]

1. e4 c6 2. f4 d5 3. e5 Bf5 4. d4 e6 5. Be3 Nd7 6. Nf3 Qb6 7. b3 Ne7 8. Nc3 Bg4 9. Na4 Qa5+ 10. Bd2 Qd8 11. c4 dxc4 12. bxc4 Nf5 13. Bc3 Nb6 14. Nxb6 axb6 15. Qd2 Bxf3 16. gxf3 Qh4+ 17. Kd1 Rd8 18. Kc2 Nxd4+ 19. Bxd4 Bc5 20. Qf2 Qxf2+ 21. Bxf2 Bxf2 22. Bd3 g6 23. Kd2 Bd4 24. Rac1 Ke7 25. Rc2 h5 26. Rb1 Rd7 27. Rb3 h4 28. h3 Ra8 29. Ke2 Kd8 30. Rd2 Kc7 31. Be4 Ra4 32. Bd3 Rd8 33. Rb1 c5 34. Rc1 g5 35. fxg5 Bxe5 36. Ke3 Rd4 0-1